Dimensional variations of normal and tension wood fibres in four clones of Hevea brasiliensis (Record no. 47207)

MARC details
000 -LEADER
fixed length control field 01250nam a2200229Ia 4500
100 ## - MAIN ENTRY--AUTHOR NAME
Personal name Mathew F
245 #0 - TITLE STATEMENT
Title Dimensional variations of normal and tension wood fibres in four clones of Hevea brasiliensis
260 ## - PUBLICATION, DISTRIBUTION, ETC. (IMPRINT)
Name of publisher Natural Rubber Research
Year of publication 2006
300 ## - PHYSICAL DESCRIPTION
Number of Pages 16-24
520 ## - SUMMARY, ETC.
Summary, etc Variations in the length, width and wall thickness of normal wood fibres (NF) and tension wood fibres (GF) were studied at different height levels of four clones viz Tjir 1, GT 1, RRIM 600 and RRII 105 of Hevea brasiliensis. Length and width of both types of fibres showed a fluctuating trend from pith to periphery. In all these clones the average length of NF was more than that of GE. The variation in length and width of NF and GF between clones and different height levels was not statistically significant. However, highly significant variations were observed in length, width and wall thickness of normal and tension wood fibres within all the four clones.
650 ## - SUBJECT ADDED ENTRY--TOPICAL TERM
Topical Term Fibre wall
650 ## - SUBJECT ADDED ENTRY--TOPICAL TERM
Topical Term Fibre wall
650 ## - SUBJECT ADDED ENTRY--TOPICAL TERM
Topical Term G-fibre
650 ## - SUBJECT ADDED ENTRY--TOPICAL TERM
Topical Term G-fibre
650 ## - SUBJECT ADDED ENTRY--TOPICAL TERM
Topical Term Tension wood
650 ## - SUBJECT ADDED ENTRY--TOPICAL TERM
Topical Term Tension wood
650 ## - SUBJECT ADDED ENTRY--TOPICAL TERM
Topical Term Wood fibre
650 ## - SUBJECT ADDED ENTRY--TOPICAL TERM
Topical Term Wood fibre
700 ## - ADDED ENTRY--PERSONAL NAME
Personal name Reghu C P
942 ## - ADDED ENTRY ELEMENTS (KOHA)
Koha item type Articles
Holdings
Withdrawn status Lost status Damaged status Not for loan Home library Current library Shelving location Date acquired Serial Enumeration / chronology Koha item type
      Articles RRII Library RRII Library Rubber wood 26/11/2007 Volume 19, Issue 1&2 Articles